[Event "II. CLANSKA LIGA ZAHOD 2016"]
[Site "Komenda"]
[Date "2016.11.12"]
[Round "3.1"]
[White "Kersic, Matej"]
[Black "Luzar, Emil"]
[Result "1/2-1/2"]
[WhiteElo "2152"]
[BlackElo "2176"]
[PlyCount "71"]
[EventDate "2016.11.12"]
[WhiteTeam "SK STARI MAYR KRANJ"]
[BlackTeam "SK DOLENJSKE TOPLICE"]

1. e4 c5 2. Nf3 d6 3. d4 cxd4 4. Nxd4 Nf6 5. Nc3 g6 6. Be2 Bg7 7. O-O O-O 8.
Re1 Nc6 9. Nb3 a5 10. a4 Nb4 11. Bf1 d5 12. exd5 Nfxd5 13. Nxd5 Nxd5 14. c3 e5
15. g3 b6 16. Bg2 Be6 17. Nd2 Ra7 18. Qe2 Re8 19. Nc4 Rae7 20. Bg5 f6 21. Bd2
Qc7 22. Ne3 Rd7 23. Nxd5 Bxd5 24. Bxd5+ Rxd5 25. Be3 Bf8 26. Red1 Red8 27. Rxd5
Rxd5 28. Rd1 Rxd1+ 29. Qxd1 Bc5 30. Qd5+ Kg7 31. Bxc5 bxc5 32. Qc4 Qd6 33. Qb5
e4 34. Qxa5 Qd1+ 35. Kg2 Qf3+ 36. Kg1 1/2-1/2

[Event "II. CLANSKA LIGA ZAHOD 2016"]
[Site "Komenda"]
[Date "2016.11.12"]
[Round "3.2"]
[White "Pucelj, Joze"]
[Black "Podvrsnik, Marko"]
[Result "1/2-1/2"]
[WhiteElo "2084"]
[BlackElo "2186"]
[PlyCount "81"]
[EventDate "2016.11.12"]
[WhiteTeam "SK DOLENJSKE TOPLICE"]
[BlackTeam "SK STARI MAYR KRANJ"]

1. e4 c5 2. Nf3 d6 3. Bb5+ Bd7 4. a4 a6 5. Bxd7+ Qxd7 6. O-O Nc6 7. d4 cxd4 8.
Nxd4 e6 9. Nc3 Nf6 10. Nxc6 bxc6 11. Qe2 Be7 12. Be3 a5 13. f4 O-O 14. Bd4 Qc7
15. e5 dxe5 16. fxe5 Nd7 17. Rf3 c5 18. Nb5 Qc6 19. Bf2 f5 20. exf6 Bxf6 21. c4
Rad8 22. Re1 Rfe8 23. b3 Nf8 24. Rd1 Rxd1+ 25. Qxd1 Rd8 26. Rd3 Rd7 27. Rxd7
Nxd7 28. Qd6 Qe4 29. Qd1 Be5 30. Qe1 Qf5 31. Bg3 Bd4+ 32. Kh1 e5 33. h3 Qd3 34.
Kh2 Qxb3 35. Qxa5 Qxc4 36. Qd8+ Nf8 37. Qe7 Qxa4 38. Nxd4 cxd4 39. Bxe5 Qd7 40.
Qxd7 Nxd7 41. Bxd4 1/2-1/2

[Event "II. CLANSKA LIGA ZAHOD 2016"]
[Site "Komenda"]
[Date "2016.11.12"]
[Round "3.3"]
[White "Djuric, Petar"]
[Black "Muhic, Jure"]
[Result "1-0"]
[WhiteElo "2112"]
[BlackElo "1870"]
[PlyCount "69"]
[EventDate "2016.11.12"]
[WhiteTeam "SK STARI MAYR KRANJ"]
[BlackTeam "SK DOLENJSKE TOPLICE"]

1. c4 Nf6 2. Nf3 g6 3. g3 Bg7 4. Bg2 d5 5. cxd5 Nxd5 6. O-O O-O 7. Nc3 c6 8.
Qc2 e5 9. d3 Na6 10. a3 Nac7 11. Bd2 f6 12. Rac1 Be6 13. Ne4 Bf7 14. Nc5 Rb8
15. b4 Ne6 16. Qa4 a6 17. Qc2 Nd4 18. Nxd4 exd4 19. Nb3 f5 20. Na5 Re8 21. Rfe1
Be5 22. e4 dxe3 23. fxe3 Bg7 24. Kh1 Nf6 25. Re2 Bd5 26. e4 fxe4 27. dxe4 Be6
28. Bf4 Rc8 29. Nxb7 Qd4 30. Nd6 Red8 31. Nxc8 Rxc8 32. Rd2 Qb6 33. Qc5 Qxc5
34. Rxc5 Nh5 35. Rd6 1-0

[Event "II. CLANSKA LIGA ZAHOD 2016"]
[Site "Komenda"]
[Date "2016.11.12"]
[Round "3.4"]
[White "Janko, Roman"]
[Black "Urh, Zala"]
[Result "1/2-1/2"]
[WhiteElo "1862"]
[BlackElo "2036"]
[PlyCount "156"]
[EventDate "2016.11.12"]
[WhiteTeam "SK DOLENJSKE TOPLICE"]
[BlackTeam "SK STARI MAYR KRANJ"]

1. e4 e5 2. Bc4 Nf6 3. Nc3 Nc6 4. f4 Bb4 5. Nf3 d6 6. O-O O-O 7. d3 Na5 8. Bb3
Nxb3 9. axb3 c6 10. Ne2 Re8 11. Kh1 Bg4 12. Be3 a6 13. h3 Bxf3 14. Rxf3 d5 15.
exd5 Nxd5 16. c3 Nxe3 17. Rxe3 Bd6 18. fxe5 Rxe5 19. Rxe5 Bxe5 20. d4 Bc7 21.
Ng1 Qd6 22. Nf3 Re8 23. Qf1 Re3 24. Re1 Rxe1 25. Qxe1 Kf8 26. Kg1 Qe7 27. Qxe7+
Kxe7 28. Kf2 f6 29. g4 Ke6 30. Ke3 Bg3 31. c4 b5 32. Nd2 g6 33. Ne4 Bd6 34. Kd3
Be7 35. Ke3 f5 36. gxf5+ gxf5 37. Nf2 Bg5+ 38. Kf3 Bf6 39. Ke3 f4+ 40. Ke4 f3
41. Nd3 Kd6 42. Ke3 a5 43. Nf2 Bg7 44. Ne4+ Ke7 45. Ng5 Bxd4+ 46. Kxf3 h6 47.
Ne4 Bxb2 48. Ke3 Ke6 49. Kd3 Ke5 50. Nf2 h5 51. Kc2 Bd4 52. Nd3+ Ke4 53. cxb5
cxb5 54. b4 axb4 55. Nxb4 Bc5 56. Nd3 Bd6 57. Nc1 Kf3 58. Kd3 Kg3 59. Ke3 Bc5+
60. Ke4 Kxh3 61. Nd3 Bb6 62. Kf3 h4 63. Nf4+ Kh2 64. Kg4 Bd8 65. Ne2 Be7 66.
Kf3 b4 67. Nc1 h3 68. Nb3 Bf8 69. Nd2 Bd6 70. Kf2 Kh1 71. Nb3 h2 72. Kf1 Bf4
73. Nc5 Bg5 74. Nd3 Bh4 75. Nxb4 Be1 76. Nd3 Bg3 77. Nc5 Bh4 78. Ne4 Be1
1/2-1/2

[Event "II. CLANSKA LIGA ZAHOD 2016"]
[Site "Komenda"]
[Date "2016.11.12"]
[Round "3.5"]
[White "Bulatovic, Milorad"]
[Black "Gorse, Damjan"]
[Result "1/2-1/2"]
[WhiteElo "1864"]
[BlackElo "1784"]
[PlyCount "54"]
[EventDate "2016.11.12"]
[WhiteTeam "SK STARI MAYR KRANJ"]
[BlackTeam "SK DOLENJSKE TOPLICE"]

1. b3 e5 2. Bb2 Nc6 3. e3 d6 4. Bb5 Bd7 5. d4 exd4 6. exd4 Qg5 7. Qe2+ Nge7 8.
f3 O-O-O 9. Nd2 f5 10. O-O-O Nd5 11. Nh3 Qh6 12. Rde1 Re8 13. Qf2 Be7 14. f4
Bf6 15. a3 Rxe1+ 16. Rxe1 Re8 17. Rxe8+ Bxe8 18. c4 Nb6 19. d5 Bxb2+ 20. Kxb2
Qf6+ 21. Ka2 Na5 22. Bxe8 Qc3 23. Bf7 Qc2+ 24. Ka1 Qc1+ 25. Ka2 Qc2+ 26. Ka1
Qc1+ 27. Ka2 Qc2+ 1/2-1/2

[Event "II. CLANSKA LIGA ZAHOD 2016"]
[Site "Komenda"]
[Date "2016.11.12"]
[Round "3.6"]
[White "Kregulj, Andrej"]
[Black "Urh, Robert"]
[Result "1/2-1/2"]
[WhiteElo "1717"]
[BlackElo "1672"]
[PlyCount "80"]
[EventDate "2016.11.12"]
[WhiteTeam "SK DOLENJSKE TOPLICE"]
[BlackTeam "SK STARI MAYR KRANJ"]

1. d4 Nf6 2. Bf4 e6 3. e3 d5 4. Nf3 c5 5. c4 Nc6 6. Be2 Be7 7. O-O O-O 8. Nc3
Nh5 9. Bg3 Nxg3 10. hxg3 cxd4 11. exd4 dxc4 12. Bxc4 Qb6 13. Qb3 Nxd4 14. Nxd4
Qxd4 15. Rad1 Qg4 16. a3 b6 17. Be2 Qg5 18. Ne4 Qe5 19. Bf3 Ba6 20. Rfe1 Rab8
21. Nc3 Qc7 22. Qa4 Qc4 23. Qxc4 Bxc4 24. Rd7 Bf6 25. Rxa7 Rfd8 26. Rd1 Rxd1+
27. Nxd1 Bd4 28. Rd7 Be5 29. Ne3 Bb5 30. Rd2 Kf8 31. Be2 Bc6 32. Nc4 Bf6 33.
Rd6 Bb5 34. Rd2 Ke7 35. b3 Bxc4 36. Bxc4 Rd8 37. Rxd8 Kxd8 38. Kf1 Kc7 39. Ke2
Kc6 40. a4 Kc5 1/2-1/2

[Event "II. CLANSKA LIGA ZAHOD 2016"]
[Site "Komenda"]
[Date "2016.11.12"]
[Round "3.1"]
[White "Anakiev, Dimitar"]
[Black "Beletic, Danijel"]
[Result "0-1"]
[WhiteElo "2018"]
[BlackElo "2303"]
[PlyCount "46"]
[EventDate "2016.11.12"]
[WhiteTeam "SD RADOVLJICA"]
[BlackTeam "SK RIMEX ILIRSKA BISTRICA"]

1. Nf3 f5 2. d3 d6 3. g3 e5 4. Bg2 Nf6 5. O-O Be7 6. c3 O-O 7. b4 Kh8 8. a4 Qe8
9. Bb2 Qh5 10. Nbd2 f4 11. Ne4 Nxe4 12. dxe4 Nd7 13. c4 a5 14. c5 axb4 15. cxd6
cxd6 16. Rc1 Nf6 17. Rc7 Bd7 18. Rxb7 fxg3 19. fxg3 Rac8 20. Nh4 Ng4 21. Rxf8+
Rxf8 22. Rxd7 Bxh4 23. Qxd6 Be7 0-1

[Event "II. CLANSKA LIGA ZAHOD 2016"]
[Site "Komenda"]
[Date "2016.11.12"]
[Round "3.2"]
[White "Doric, Nenad"]
[Black "Buha, Drago"]
[Result "1-0"]
[WhiteElo "2255"]
[BlackElo "1964"]
[PlyCount "65"]
[EventDate "2016.11.12"]
[WhiteTeam "SK RIMEX ILIRSKA BISTRICA"]
[BlackTeam "SD RADOVLJICA"]

1. d4 d5 2. c4 e6 3. Nc3 Bb4 4. Nf3 Ne7 5. e3 O-O 6. Bd3 dxc4 7. Bxc4 Nd5 8.
Qc2 b6 9. O-O Bb7 10. e4 Nxc3 11. bxc3 Be7 12. Be3 Ba6 13. Bxa6 Nxa6 14. Ne5 c5
15. Nc6 Qd6 16. Qa4 Nb8 17. Nxe7+ Qxe7 18. dxc5 bxc5 19. Rfd1 Rc8 20. Rab1 h6
21. Rb5 Nd7 22. Rb7 Nb6 23. Rxe7 Nxa4 24. Rdd7 Rd8 25. Rxf7 Rxd7 26. Rxd7 a6
27. f3 Nxc3 28. Bxc5 Rc8 29. Bd6 Nxa2 30. Be5 g5 31. Rg7+ Kf8 32. Ra7 Nb4 33.
Bd6+ 1-0

[Event "II. CLANSKA LIGA ZAHOD 2016"]
[Site "Komenda"]
[Date "2016.11.12"]
[Round "3.3"]
[White "Torkar, Boris"]
[Black "Nedimovic, Ljubisa"]
[Result "0-1"]
[WhiteElo "1864"]
[BlackElo "2185"]
[PlyCount "84"]
[EventDate "2016.11.12"]
[WhiteTeam "SD RADOVLJICA"]
[BlackTeam "SK RIMEX ILIRSKA BISTRICA"]

1. d4 f5 2. c4 g6 3. Nc3 Nf6 4. Bf4 Bg7 5. Nf3 d6 6. e3 O-O 7. Be2 Nh5 8. Bg5
c6 9. O-O h6 10. Bh4 g5 11. Bg3 Qe8 12. c5 Nxg3 13. hxg3 Nd7 14. Qb3+ d5 15.
Rae1 Kh8 16. Bd3 Qh5 17. Bb1 e6 18. Qc2 Bf6 19. Nh2 Qf7 20. g4 Bd8 21. g3 Nf6
22. f3 Bc7 23. Kg2 Qg7 24. Rh1 Kg8 25. Ref1 Bd7 26. Nd1 fxg4 27. Nxg4 Nxg4 28.
fxg4 e5 29. Rxh6 Qxh6 30. Rh1 Qxh1+ 31. Kxh1 e4 32. Nf2 Rae8 33. Kg2 Rf3 34.
Nh1 Ref8 35. Qd2 Bxg4 36. b4 Rf1 37. Bc2 Ra1 38. Nf2 Bf3+ 39. Kh2 Kg7 40. Bd1
Rh8+ 41. Kg1 Bxg3 42. Qb2 Rxd1+ 0-1

[Event "II. CLANSKA LIGA ZAHOD 2016"]
[Site "Komenda"]
[Date "2016.11.12"]
[Round "3.4"]
[White "Sajn, Simon"]
[Black "Kocevar, Tugomir"]
[Result "1-0"]
[WhiteElo "2096"]
[BlackElo "1942"]
[PlyCount "107"]
[EventDate "2016.11.12"]
[WhiteTeam "SK RIMEX ILIRSKA BISTRICA"]
[BlackTeam "SD RADOVLJICA"]

1. d4 d5 2. Nf3 Nf6 3. Bf4 e6 4. e3 c5 5. c3 cxd4 6. exd4 Qb6 7. Qb3 Qxb3 8.
axb3 a6 9. Bd3 Nc6 10. b4 Ne7 11. Bd6 Ng6 12. Bxf8 Kxf8 13. Nbd2 Ke7 14. b5 Nf4
15. Bf1 Bd7 16. bxa6 bxa6 17. g3 Ng6 18. Bd3 Bb5 19. Bxb5 axb5 20. Ke2 Kd6 21.
Ng5 Ke7 22. f4 h6 23. Ngf3 Ne4 24. Nxe4 dxe4 25. Nd2 f5 26. Rhd1 Rhb8 27. Nf1
Nf8 28. Ne3 Nd7 29. g4 g6 30. Rg1 Kf6 31. h4 Nb6 32. gxf5 exf5 33. b3 Rc8 34.
Kd2 Rd8 35. Kc2 Rdc8 36. Kb2 Rd8 37. Rxa8 Rxa8 38. c4 bxc4 39. bxc4 Rb8 40. Kc2
Rc8 41. c5 Nd7 42. Nd5+ Kf7 43. Rc1 Ke6 44. Ne3 Nf6 45. Rg1 Kf7 46. Kb3 Ra8 47.
d5 Nd7 48. Kb4 Rc8 49. c6 Rb8+ 50. Kc3 Nb6 51. Kd4 Rc8 52. Rb1 Nxd5 53. Kxd5 g5
54. Nxf5 1-0

[Event "II. CLANSKA LIGA ZAHOD 2016"]
[Site "Komenda"]
[Date "2016.11.12"]
[Round "3.5"]
[White "Krivec, Metod"]
[Black "Rolih, Miran"]
[Result "0-1"]
[WhiteElo "1778"]
[BlackElo "1795"]
[PlyCount "101"]
[EventDate "2016.11.12"]
[WhiteTeam "SD RADOVLJICA"]
[BlackTeam "SK RIMEX ILIRSKA BISTRICA"]

1. d4 Nf6 2. c4 c5 3. d5 e6 4. Nc3 exd5 5. cxd5 g6 6. e4 d6 7. Bb5+ Bd7 8. Bd3
Bg7 9. f4 O-O 10. Nf3 b5 11. Be3 b4 12. Ne2 Re8 13. Ng3 Nxd5 14. Bc1 Nb6 15.
O-O c4 16. Bc2 Bb5 17. Re1 a5 18. Rb1 Nc6 19. Be3 c3 20. b3 Qc7 21. f5 Rad8 22.
Bg5 f6 23. Bf4 g5 24. Be3 d5 25. Nd4 Nxd4 26. Qxd4 Nc8 27. exd5 Re5 28. Qg4
Rdxd5 29. h4 h6 30. hxg5 hxg5 31. Bd4 Re7 32. Nh5 Qd6 33. Be3 Rde5 34. Red1 Qc7
35. Bf4 Be2 36. Qxe2 Rxe2 37. Bxc7 Rxc7 38. Rbc1 Rd2 39. Re1 Re7 40. Rxe7 Nxe7
41. Re1 Kf7 42. Be4 c2 43. Bxc2 Rxc2 44. Nxg7 Rxa2 45. g4 Ra3 46. Nh5 Rxb3 47.
Re6 Nd5 48. Rd6 Rd3 49. Nxf6 Rg3+ 50. Kf2 Nxf6 51. Kxg3 0-1

[Event "II. CLANSKA LIGA ZAHOD 2016"]
[Site "Komenda"]
[Date "2016.11.12"]
[Round "3.6"]
[White "Delost, Josko"]
[Black "Pretnar, Bostjan"]
[Result "0-1"]
[WhiteElo "1666"]
[BlackElo "1730"]
[PlyCount "46"]
[EventDate "2016.11.12"]
[WhiteTeam "SK RIMEX ILIRSKA BISTRICA"]
[BlackTeam "SD RADOVLJICA"]

1. d4 Nf6 2. Nf3 d5 3. Bf4 c6 4. c3 g6 5. Nbd2 Bg7 6. e3 O-O 7. Ne5 Nh5 8. Bg3
f6 9. Nd3 Nxg3 10. hxg3 e5 11. f4 exd4 12. cxd4 Re8 13. Kf2 Qe7 14. Qe1 Bf5 15.
Rh4 Nd7 16. g4 g5 17. fxg5 fxg5 18. Rh1 Bxg4 19. Nf3 Rf8 20. Be2 Rae8 21. Qd2
Nf6 22. Qc1 Ne4+ 23. Kg1 Ng3 0-1

[Event "II. CLANSKA LIGA ZAHOD 2016"]
[Site "Komenda"]
[Date "2016.11.12"]
[Round "3.1"]
[White "Subelj, Jan"]
[Black "Hrescak, Ivana"]
[Result "1/2-1/2"]
[WhiteElo "2182"]
[BlackElo "2173"]
[PlyCount "109"]
[EventDate "2016.11.12"]
[WhiteTeam "SK KOMENDA"]
[BlackTeam "SK  POSTOJNA"]

1. e4 g6 2. d4 Bg7 3. Nf3 d6 4. c3 Nd7 5. Bd3 e5 6. O-O Ne7 7. Na3 O-O 8. dxe5
Nxe5 9. Nxe5 dxe5 10. Bg5 Be6 11. Bc4 Bxc4 12. Nxc4 Qxd1 13. Raxd1 Nc6 14. Rd7
Rac8 15. g3 Nb8 16. Rd2 Rfe8 17. Rfd1 f6 18. Be3 b6 19. a4 Bf8 20. b4 Be7 21.
Kf1 Kf7 22. Ke2 Red8 23. Rxd8 Rxd8 24. Rxd8 Bxd8 25. f4 Nd7 26. f5 Nb8 27. h4
Nc6 28. g4 h5 29. Kf3 Ne7 30. a5 Kg7 31. fxg6 Kxg6 32. b5 Nc8 33. a6 Be7 34.
Kg3 Bd8 35. g5 Be7 36. gxf6 Bxf6 37. Bf2 Kf7 38. Kf3 Ke6 39. Ke3 Bd8 40. Kd3
Nd6 41. Nxd6 Kxd6 42. Kc4 Be7 43. Kb3 Bd8 44. Kb4 Be7 45. c4 c5+ 46. Kc3 Ke6
47. Kd3 Kd6 48. Ke3 Ke6 49. Kf3 Kd6 50. Kg3 Ke6 51. Bg1 Kd6 52. Be3 Ke6 53. Bg5
Bxg5 54. hxg5 Kf7 55. Kh3 1/2-1/2

[Event "II. CLANSKA LIGA ZAHOD 2016"]
[Site "Komenda"]
[Date "2016.11.12"]
[Round "3.2"]
[White "Pridigar, Lovro"]
[Black "Marn, Jan"]
[Result "1-0"]
[WhiteElo "2044"]
[BlackElo "1934"]
[PlyCount "81"]
[EventDate "2016.11.12"]
[WhiteTeam "SK  POSTOJNA"]
[BlackTeam "SK KOMENDA"]

1. d4 d5 2. Bf4 Nf6 3. e3 e6 4. Bd3 c5 5. c3 Be7 6. Nd2 Nbd7 7. Ngf3 b6 8. O-O
O-O 9. Ne5 Bb7 10. Qf3 Nxe5 11. dxe5 Nd7 12. Qh3 g6 13. Bh6 Re8 14. f4 Nf8 15.
Nf3 d4 16. Ng5 dxc3 17. Bb5 cxb2 18. Bxe8 Qxe8 19. Rab1 Qb5 20. Rf2 Rd8 21.
Rfxb2 Qc4 22. Bxf8 Kxf8 23. Nxh7+ Kg7 24. Nf6 Rh8 25. Qg3 Qc3 26. Rb3 Qc2 27.
R3b2 Qc3 28. Rf2 Bxf6 29. exf6+ Qxf6 30. Rd1 Rd8 31. Rxd8 Qxd8 32. f5 exf5 33.
Rxf5 Qd1+ 34. Rf1 Qd5 35. Qf2 c4 36. Qf6+ Kg8 37. e4 Qe6 38. Qd8+ Kg7 39. Qd4+
Kg8 40. Rf4 b5 41. Rh4 1-0

[Event "II. CLANSKA LIGA ZAHOD 2016"]
[Site "Komenda"]
[Date "2016.11.12"]
[Round "3.3"]
[White "Markosek, Maj"]
[Black "Malkoc, Tilen"]
[Result "1-0"]
[WhiteElo "1919"]
[BlackElo "1738"]
[PlyCount "105"]
[EventDate "2016.11.12"]
[WhiteTeam "SK KOMENDA"]
[BlackTeam "SK  POSTOJNA"]

1. d4 d5 2. c4 e6 3. Nc3 Nf6 4. Bg5 Nbd7 5. Nf3 c6 6. e3 Bd6 7. cxd5 exd5 8.
Bd3 O-O 9. O-O Re8 10. a3 a5 11. Rc1 Nf8 12. h3 Bc7 13. Qc2 Ng6 14. Bxf6 Qxf6
15. Nxd5 cxd5 16. Qxc7 Bxh3 17. Qg3 Bf5 18. Bxf5 Qxf5 19. Rc7 Rab8 20. Rfc1
Rec8 21. Qd6 h6 22. Qc5 Rxc7 23. Qxc7 Re8 24. Qxb7 Kh7 25. Qc7 a4 26. Qc2 Qxc2
27. Rxc2 Rb8 28. Ne1 Ne7 29. Nd3 Rc8 30. Nc5 Kg6 31. Kf1 Kf6 32. Ke1 Ra8 33.
Kd2 g5 34. g4 Kg6 35. Rc1 f5 36. f3 Nc8 37. Nxa4 fxg4 38. fxg4 Rxa4 39. Rxc8
Ra6 40. Rd8 Rb6 41. Kc2 Rc6+ 42. Kb3 Re6 43. Rxd5 Rxe3+ 44. Kc4 Rg3 45. b4 Rxa3
46. Rd6+ Kg7 47. b5 Ra7 48. b6 Rb7 49. Kc5 Kf7 50. Kc6 Rb8 51. Kc7 Rh8 52. b7
Ke7 53. Rb6 1-0

[Event "II. CLANSKA LIGA ZAHOD 2016"]
[Site "Komenda"]
[Date "2016.11.12"]
[Round "3.4"]
[White "Skrbec, Leon"]
[Black "Kralj, Nejc"]
[Result "1-0"]
[WhiteElo "1505"]
[BlackElo "1695"]
[PlyCount "39"]
[EventDate "2016.11.12"]
[WhiteTeam "SK  POSTOJNA"]
[BlackTeam "SK KOMENDA"]

1. d4 d5 2. Bf4 Nf6 3. Nf3 c5 4. e3 Nc6 5. c3 e6 6. Bd3 Bd6 7. Bg3 O-O 8. Nbd2
b6 9. O-O Bb7 10. Ne5 Ne7 11. f4 Nf5 12. Bxf5 exf5 13. Bh4 Be7 14. Rf3 Ne4 15.
Bxe7 Qxe7 16. Nxe4 fxe4 17. Rg3 f6 18. Ng4 Bc8 19. Qb3 Qf7 20. Nh6+ 1-0

[Event "II. CLANSKA LIGA ZAHOD 2016"]
[Site "Komenda"]
[Date "2016.11.12"]
[Round "3.5"]
[White "Mlakar, Matej"]
[Black "Malkoc, Patrik"]
[Result "1-0"]
[WhiteElo "1503"]
[BlackElo "1319"]
[PlyCount "99"]
[EventDate "2016.11.12"]
[WhiteTeam "SK KOMENDA"]
[BlackTeam "SK  POSTOJNA"]

1. e4 c6 2. d4 d5 3. exd5 cxd5 4. Bd3 Nc6 5. c3 Nf6 6. Bf4 Bg4 7. Qb3 Qc8 8.
Nd2 e6 9. Ngf3 Be7 10. O-O O-O 11. Rfe1 Na5 12. Qc2 Qd8 13. Ne5 Bh5 14. Bg5 Bg6
15. Nxg6 hxg6 16. Nf3 Rc8 17. Ne5 Nc6 18. Qd1 Nh7 19. Nxc6 Rxc6 20. Bf4 Bg5 21.
Qg4 Bxf4 22. Qxf4 Rb6 23. Rab1 a6 24. h3 Rc6 25. a3 b5 26. Ra1 Nf6 27. a4 Re8
28. axb5 axb5 29. Bxb5 Rb6 30. Bxe8 Qxe8 31. Reb1 Qc8 32. Qe3 Qb7 33. b4 Ne4
34. f3 Nd6 35. Qg5 Qc7 36. Rc1 Rc6 37. Ra3 Qc8 38. Rca1 Rb6 39. Qe7 Nb5 40. Ra8
Rb8 41. Rxb8 Qxb8 42. Qc5 Nd6 43. b5 Nf5 44. b6 Qf4 45. Qc7 Qe3+ 46. Kh2 f6 47.
b7 e5 48. b8=Q+ Kh7 49. Qb2 Qf4+ 50. Kg1 1-0

[Event "II. CLANSKA LIGA ZAHOD 2016"]
[Site "Komenda"]
[Date "2016.11.12"]
[Round "3.6"]
[White "Hrescak, Boris"]
[Black "Zidar, Jernej"]
[Result "0-1"]
[WhiteElo "1540"]
[BlackElo "1272"]
[PlyCount "96"]
[EventDate "2016.11.12"]
[WhiteTeam "SK  POSTOJNA"]
[BlackTeam "SK KOMENDA"]

1. e4 c5 2. Bc4 d6 3. Nc3 Nf6 4. h3 a6 5. a3 e6 6. Ba2 b5 7. d3 Bb7 8. Bg5 Nbd7
9. f4 Be7 10. Nf3 h6 11. Bh4 Nh5 12. Bxe7 Qxe7 13. Ne2 Qf6 14. Qc1 Qd8 15. Qe3
Rc8 16. g4 Nhf6 17. O-O-O Qc7 18. g5 hxg5 19. Nxg5 b4 20. f5 e5 21. Bxf7+ Ke7
22. Ba2 bxa3 23. b3 a5 24. Rhg1 Qb6 25. Ne6 Rhg8 26. Nc3 Qb4 27. Nb1 a4 28. c3
Qb6 29. Nxa3 axb3 30. Bb1 Qa5 31. Kb2 Ra8 32. Nc4 Qa1+ 33. Kxb3 Ba6 34. Kc2
Qa4+ 35. Kd2 Bxc4 36. dxc4 Qxc4 37. Bd3 Ra2+ 38. Bc2 Nxe4+ 39. Ke1 Rxc2 40. Rd3
Rxc3 41. Rxc3 Qxc3+ 42. Qxc3 Nxc3 43. Rxg7+ Rxg7 44. Nxg7 Kf6 45. Ne8+ Kxf5 46.
Nxd6+ Kf4 47. Kd2 Ne4+ 48. Nxe4 Kxe4 0-1

[Event "II. CLANSKA LIGA ZAHOD 2016"]
[Site "Komenda"]
[Date "2016.11.13"]
[Round "4.1"]
[White "Rijavec, Stane"]
[Black "Hrescak, Ivana"]
[Result "0-1"]
[WhiteElo "1909"]
[BlackElo "2173"]
[PlyCount "72"]
[EventDate "2016.11.13"]
[WhiteTeam "SK TRZIN"]
[BlackTeam "SK POSTOJNA"]

1. Nf3 Nf6 2. d4 g6 3. g3 Bg7 4. Bg2 d6 5. O-O O-O 6. c4 Nbd7 7. Nc3 c6 8. e4
e5 9. h3 Qb6 10. c5 dxc5 11. dxe5 Ne8 12. Be3 Nc7 13. Qc2 Qa5 14. Na4 b6 15.
Nd2 Nxe5 16. f4 Nd7 17. Nc4 Qa6 18. Nd6 Nb5 19. Rfd1 Bd4 20. Bxd4 Nxd4 21. Rxd4
cxd4 22. Qxc6 Rb8 23. Bf1 d3 24. Nxc8 Rbxc8 25. Qxd7 Rfd8 26. Bxd3 Qxd3 27.
Qxd3 Rxd3 28. Nc3 Rxg3+ 29. Kf2 Rxh3 30. Rd1 Rh2+ 31. Kg3 Rxb2 32. Nd5 Kf8 33.
f5 gxf5 34. exf5 Re8 35. Kf4 Rxa2 36. f6 Ra5 0-1

[Event "II. CLANSKA LIGA ZAHOD 2016"]
[Site "Komenda"]
[Date "2016.11.13"]
[Round "4.2"]
[White "Pridigar, Lovro"]
[Black "Rojs, Igor"]
[Result "1/2-1/2"]
[WhiteElo "2044"]
[BlackElo "1986"]
[PlyCount "110"]
[EventDate "2016.11.13"]
[WhiteTeam "SK POSTOJNA"]
[BlackTeam "SK TRZIN"]

1. d4 Nf6 2. Nf3 d5 3. Bf4 Bf5 4. e3 e6 5. c4 c5 6. dxc5 Qa5+ 7. Qd2 Qxd2+ 8.
Nbxd2 Bxc5 9. cxd5 exd5 10. Rc1 Nbd7 11. Bb5 O-O 12. O-O Rac8 13. Nb3 Be7 14.
Nbd4 Be4 15. Nh4 a6 16. Be2 Rfe8 17. Nhf5 Bf8 18. Bd6 Nb6 19. Bxf8 Kxf8 20. Nd6
Rxc1 21. Rxc1 Re7 22. N4f5 Rd7 23. b3 Bxf5 24. Nxf5 g6 25. Nd4 Ke7 26. a4 Kd8
27. g4 h6 28. h4 Rc7 29. Rxc7 Kxc7 30. h5 gxh5 31. gxh5 Ng8 32. Bf3 Kd6 33. Bg4
Ne7 34. Kg2 Nd7 35. Bxd7 Kxd7 36. Kg3 Ng8 37. Nf5 Ke6 38. Kf4 a5 39. Nd4+ Kf6
40. f3 Ne7 41. e4 dxe4 42. fxe4 Nc6 43. Nf5 Ne5 44. Nxh6 Nd3+ 45. Ke3 Nc5 46.
Kd4 Nxb3+ 47. Kc4 Nd2+ 48. Kb5 Nxe4 49. Kxa5 Nd6 50. Kb6 Kg5 51. Nxf7+ Nxf7 52.
Kxb7 Nd6+ 53. Kc6 Nc4 54. Kc5 Na5 55. Kb5 Nb7 1/2-1/2

[Event "II. CLANSKA LIGA ZAHOD 2016"]
[Site "Komenda"]
[Date "2016.11.13"]
[Round "4.3"]
[White "Leben, Dusan"]
[Black "Jereb, Lana"]
[Result "1-0"]
[WhiteElo "1879"]
[BlackElo "1584"]
[PlyCount "83"]
[EventDate "2016.11.13"]
[WhiteTeam "SK TRZIN"]
[BlackTeam "SK POSTOJNA"]

1. e4 c5 2. Nf3 e6 3. d4 cxd4 4. Nxd4 Nc6 5. Be3 Qc7 6. Nc3 a6 7. a3 Nf6 8. Be2
Be7 9. Qd2 b5 10. Nxc6 dxc6 11. Bf4 e5 12. Bg3 O-O 13. Qe3 c5 14. Bh4 Bb7 15.
Bxf6 Bxf6 16. Rd1 Rad8 17. O-O Rd4 18. Nd5 Qd6 19. c3 Rxd1 20. Rxd1 Rd8 21.
Nxf6+ Qxf6 22. Rxd8+ Qxd8 23. Qxc5 Bxe4 24. Qxe5 Qa8 25. f3 Bg6 26. Kf2 h6 27.
g3 Qa7+ 28. Qd4 Qc7 29. h4 Bc2 30. Bd3 Bb3 31. Qe4 Qc5+ 32. Qd4 Qc7 33. h5 Be6
34. Kg2 Kf8 35. b4 Bd7 36. Kf2 Qc6 37. Qc5+ Qxc5+ 38. bxc5 Ke7 39. Be4 Bc8 40.
Ke3 Ke6 41. Kd4 a5 42. g4 1-0

[Event "II. CLANSKA LIGA ZAHOD 2016"]
[Site "Komenda"]
[Date "2016.11.13"]
[Round "4.4"]
[White "Skrbec, Leon"]
[Black "Bajec, Borut"]
[Result "1/2-1/2"]
[WhiteElo "1505"]
[BlackElo "1794"]
[PlyCount "79"]
[EventDate "2016.11.13"]
[WhiteTeam "SK POSTOJNA"]
[BlackTeam "SK TRZIN"]

1. Nf3 d5 2. g3 Nf6 3. Bg2 e6 4. O-O Bd6 5. d4 O-O 6. Bg5 Nbd7 7. Nbd2 h6 8.
Bxf6 Nxf6 9. c4 c5 10. cxd5 Nxd5 11. e4 Nb4 12. a3 Nc6 13. Nc4 cxd4 14. Nxd4
Nxd4 15. Qxd4 Be7 16. Rad1 b6 17. Qxd8 Rxd8 18. Rxd8+ Bxd8 19. e5 Rb8 20. Rc1
Bb7 21. Bxb7 Rxb7 22. Rd1 Be7 23. Kg2 Kf8 24. Kf3 Rc7 25. Ne3 f6 26. exf6 Bxf6
27. Rb1 Ke7 28. Ke4 b5 29. f4 h5 30. f5 Bg5 31. fxe6 Kxe6 32. Kf3 Bf6 33. Re1
Kf7 34. Nd5 Rc2 35. Nxf6 Kxf6 36. Re2 Rxe2 37. Kxe2 Ke5 38. Ke3 g5 39. h3 a5
40. b3 1/2-1/2

[Event "II. CLANSKA LIGA ZAHOD 2016"]
[Site "Komenda"]
[Date "2016.11.13"]
[Round "4.5"]
[White "Borstnik, Ales"]
[Black "Hvala, Arja Ela"]
[Result "1-0"]
[WhiteElo "1747"]
[BlackElo "1176"]
[PlyCount "107"]
[EventDate "2016.11.13"]
[WhiteTeam "SK TRZIN"]
[BlackTeam "SK POSTOJNA"]

1. e4 e5 2. Nf3 Nc6 3. Bc4 Nf6 4. Ng5 Qe7 5. Bxf7+ Kd8 6. Bb3 Ke8 7. Nc3 h6 8.
Nf3 d6 9. O-O Bg4 10. h3 Bh5 11. Nd5 Nxd5 12. Bxd5 Kd7 13. c3 Bf7 14. Qa4 Bh5
15. Nh2 Be2 16. Re1 Ba6 17. Bxc6+ Kc8 18. Bb5 Bxb5 19. Qxb5 Qf7 20. d4 exd4 21.
cxd4 Be7 22. Qf5+ Qxf5 23. exf5 Kd7 24. Bd2 Rhf8 25. g4 Rf6 26. Re2 g6 27. Rae1
Re8 28. Bxh6 gxf5 29. Bg5 Rf7 30. f3 Rg7 31. Rxe7+ Rexe7 32. Rxe7+ Rxe7 33.
Bxe7 Kxe7 34. Kf2 Kf6 35. Ke3 d5 36. Kf4 fxg4 37. fxg4 c6 38. Nf3 b6 39. b4 a5
40. a3 Ke6 41. Ne5 axb4 42. axb4 Kd6 43. h4 c5 44. dxc5+ bxc5 45. bxc5+ Kxc5
46. h5 d4 47. h6 Kb4 48. h7 Kc3 49. h8=Q d3 50. Nxd3+ Kxd3 51. Qc8 Ke2 52. Qc2+
Kf1 53. Kf3 Kg1 54. Qg2# 1-0

[Event "II. CLANSKA LIGA ZAHOD 2016"]
[Site "Komenda"]
[Date "2016.11.13"]
[Round "4.6"]
[White "Hrescak, Boris"]
[Black "Banfi, Gregor"]
[Result "0-1"]
[WhiteElo "1540"]
[BlackElo "1609"]
[PlyCount "84"]
[EventDate "2016.11.13"]
[WhiteTeam "SK POSTOJNA"]
[BlackTeam "SK TRZIN"]

1. e4 c5 2. Bc4 e6 3. Nc3 a6 4. a4 Nc6 5. d3 Nf6 6. Bg5 Be7 7. Ba2 O-O 8. f4 d6
9. Nf3 Nd4 10. O-O Qc7 11. Ne2 Rb8 12. c3 Nc6 13. Qc2 b5 14. Bb1 e5 15. d4 Bg4
16. d5 Nd8 17. fxe5 dxe5 18. Nxe5 Bh5 19. Nf3 Bg6 20. Qd2 Nxe4 21. Bxe4 Bxe4
22. Bxe7 Qxe7 23. d6 Qb7 24. axb5 axb5 25. Ng3 Bg6 26. Rae1 Ne6 27. Ne5 Rbd8
28. b3 Qb6 29. d7 c4+ 30. Kh1 cxb3 31. Nxg6 hxg6 32. Rd1 Nc5 33. Rf4 Rxd7 34.
Rd4 Rfd8 35. Qb2 Qe6 36. Rf1 Na4 37. Rxd7 Rxd7 38. Qa3 b2 39. Qb4 Qc4 40. Qxc4
bxc4 41. Ne4 f5 42. Ng5 Nxc3 0-1